000 00763nam a22002537a 4500
003 PE SENCICO BE
005 20251020182627.0
008 230223b |||||||| |||| 00| 0 eng d
020 _a978-84-86108-97-7
040 _aPE SENCICO BE
_cPE SENCICO BE
041 _aspa
082 _a697
_bC1
110 1 _9478
_aCano Pina S. L.
245 1 _aRite 2007 :
_b(Reglamento de Instalaciones térmicas en los edificios) /
_cCano Pina S. L.
250 _a1a ed.
260 _as.l. :
_bCeysa,
_c2007
300 _a114 p. :
_c30 cm.
650 1 4 _9702
_aCalefacción
650 2 4 _953
_aAire acondicionado
650 2 4 _9519
_aEdificios
650 2 4 _9703
_aConservación de la energía
910 _bhfp
_chfp
942 _2ddc
_cLIB
_h697
_iC1
999 _c3855
_d3855